Personnages de Spirou par images - Statistiques

Statistiques générales
  • Ce quiz a été pris 2 260 fois
  • Le résultat moyen est 8 sur 16
Statistiques - réponses
Par images Réponse % Correct
Spirou
100%
Le marsupilami
97%
Gaston Lagaffe
96%
Fantasio
92%
Spip
59%
Mlle Jeanne
49%
Le comte de {Champignac}
44%
Benoît Brisefer
42%
Zorglub
40%
Aimé De Mesmaeker
39%
Léon Prunelle
34%
Jules-de-chez-Smith-en-face
30%
Seccotine
25%
Zantafio
25%
{Bring} M. Backalive
12%
Célestin Dupilon
10%
Aucun quiz correspondant
Distribution des résultats
% des personnes avec chaque résultat
Percentile par nombre de réponses
Votre historique - résultats
Vous n’avez pas pris ce quiz